Statistics for Common Australian Birds by Scientific Name

Click here to take the quiz!

General Stats

  • This quiz has been taken 9 times
  • The average score is 9 of 20

Answer Stats

Scientific NameCommon Name% Correct
Pelecanus conspicillatusAustralian Pelican
78%
Corvus coronoidesAustralian Raven
78%
Dromaius novaehollandiaeEmu
78%
Cacatua galeritaSulphur-crested Cockatoo
78%
Threskiornis moluccaAustralian White Ibis
56%
Dacelo novaeguineaeLaughing Kookaburra
56%
Vanellus milesMasked Lapwing
56%
Trichoglossus moluccanusRainbow Lorikeet
56%
Larus (croicocephalus) novaehollandiaeSilver Gull
56%
Gymnorhina tibicenAustralian Magpie
44%
Hirundo neoxenaWelcome Swallow
44%
Chenonetta jubataAustralian Wood Duck
33%
Melopsittacus undulatusBudgerigar
33%
Manorina melanocephalaNoisy Miner
33%
Podargus strigoidesTawny Frogmouth
33%
Alectura lathamiAustralian Brush-turkey
22%
Ocyphaps lophotesCrested Pigeon
22%
Eolophus roseicapillaGalah
22%
Grallina cyanoleucaMagpie-lark
22%
Strepera graculinaPied Currawong
22%

Score Distribution

Percentile by Number Answered

Percent of People with Each Score

Your Score History

You have not taken this quiz